00378nam a22001337a 4500003000400000005001700004008004100021040000800062050001800070082001800088245009500106260003300201300001000234OSt20260615102849.0260615b |||||||| |||| 00| 0 eng d cDLC a222.15bW423D a222.15bW423D aDeuteronomy (1-11)bA new translation with introduction and commentary/cby Moshe Weinfeld aNew York:bDoubleday,c1991. a458p.